| 000 | 00366nam a2200133Ia 4500 | ||
|---|---|---|---|
| 008 | 231129s9999||||xx |||||||||||||| ||spa|| | ||
| 020 | _a84-7232-124-X | ||
| 040 | _bspa | ||
| 082 | _aE863 D352d | ||
| 100 | _aDelgado Jaime | ||
| 245 | 0 | _aDe amar y andar Jaime Delgado | |
| 264 | _aEdiciones Cultura Hispanica | ||
| 942 |
_2ddc _cBKS |
||
| 999 |
_c8720 _d8720 |
||